000 00685nam a22002657a 4500
001 BR9400619
003 BR-BrBNA
005 20230928093942.0
007 ta
008 230509b bl.||||| |||| 00| 0 por d
040 _aBR-BrBNA
_bpor
_cBiblioteca Nacional de Agricultura
072 _aQ04; F01
_b1160
090 _ 1160 BR9400619
100 1 _aCampelo, R.
245 1 _aCajueiro, uma das culturas mais importantes do nordeste
260 3 _a[np]:
_c[nd].
300 _a6 p.
650 _aCaju
650 _aComposicao de Alimento
650 _aPratica Cultural
650 _aAdubacao
650 _aRegiao Nordeste
909 _a202309
_bLucia
_c55
_dLucia Elande
942 _cBK
999 _c48092
_d48092